| 000 | 00777nam a22001937a 4500 | ||
|---|---|---|---|
| 005 | 20260313120721.0 | ||
| 008 | 260313b |||||||| |||| 00| 0 eng d | ||
| 020 |
_a9780521297769 _qpbk |
||
| 041 | _aeng | ||
| 082 |
_a121 _bPUT |
||
| 100 | _aPutnam, Hilary | ||
| 245 |
_aReason, Truth, and History _c/Hilary Putnam |
||
| 260 |
_bCambridge Univ Pr _c1981 |
||
| 300 |
_a236p,; _c20 cm. |
||
| 504 | _aindex | ||
| 520 | _aHilary Putnam deals in this book with some of the most fundamental persistent problems in philosophy: the nature of truth, knowledge and rationality. His aim is to break down the fixed categories of thought which have always appeared to define and constrain the permissible solutions to these problems. | ||
| 650 | _a Epistemology | ||
| 942 | _cENGLISH | ||
| 999 |
_c617686 _d617686 |
||